UBT Library

MEDICAL TERMINOLOGY SYSTEMS (Record no. 59046)

000 -LEADER
fixed length control field 00334nam a22001457a 4500
008 - FIXED-LENGTH DATA ELEMENTS--GENERAL INFORMATION
fixed length control field 221130b ||||| |||| 00| 0 eng d
020 ## - INTERNATIONAL STANDARD BOOK NUMBER
International Standard Book Number 9780803629547
041 ## - LANGUAGE CODE
Language code of text/sound track or separate title eng
080 ## - UNIVERSAL DECIMAL CLASSIFICATION NUMBER
Edition identifier SEVENTH EDITION
Universal Decimal Classification number 61
082 ## - DEWEY DECIMAL CLASSIFICATION NUMBER
Classification number 61 GYL
100 ## - Rafti
Rafti 4
101 ## - Shkurtesa
Shkurtesa MJK
245 ## - TITLE STATEMENT
Title MEDICAL TERMINOLOGY SYSTEMS
Statement of responsibility, etc GYLYS A B
942 ## - ADDED ENTRY ELEMENTS (KOHA)
Source of classification or shelving scheme
Item type Books
Holdings
Withdrawn status Lost status Source of classification or shelving scheme Damaged status Not for loan Permanent location Current location Date acquired Total Checkouts Full call number Barcode Date last seen Price effective from Koha item type Collection code
          UBT - Lipjan UBT - Lipjan 03/28/2023   61 GYL 002-80003049 03/28/2023 03/28/2023 Books Koleksioni i përgjithshem
          UBT - Prishtine UBT - Prishtine 11/30/2022   61 GYL 002-800028700260882 11/30/2022 11/30/2022 Books  
UBT Library © 2015-2024. All rights reserved University Education for Business and Technology